Mulata /

Guardado en:
Bibliografiske detaljer
Hovedforfatter: Asturias, Miguel Ángel, 1899-1974
Format: Ukendt
Sprog:Spanish
Udgivet: Estados Unidos : Dell Publishing Co., INC, 1968.
Fag:
Tags: Tilføj Tag
Ingen Tags, Vær først til at tagge denne postø!

MARC

LEADER 000000000a22000000004500
001 002156
041 0 |a spa 
082 0 4 |a G863.4   |b A859m 
100 1 |a Asturias, Miguel Ángel,   |d 1899-1974 
245 1 0 |a Mulata /   |c Miguel Ángel Asturias. 
260 1 |a Estados Unidos :   |b Dell Publishing Co., INC,   |c 1968. 
300 |a 348 páginas 
500 |a Ganador del premio 1967 Nobel Prize for Literature 
650 4 |a LITERATURA GUATEMALTECA 
650 4 |a NOVELA 
999 |c 8739  |d 8739 
942 |c BK  |h G863.4 A859m  |2 z